Vista normal
Vista MARC
Entrada Materia (tema)
Número de registros utilizados en: 1
001 - CONTROL NUMBER
- control field: 38826
003 - CONTROL NUMBER IDENTIFIER
- control field: Co-BoUCM
005 - DATE AND TIME OF LATEST TRANSACTION
- control field: 20130606114011.0
008 - FIXED-LENGTH DATA ELEMENTS
- fixed length control field: 130606|| aca||aabn | a|a d
040 ## - CATALOGING SOURCE
- Original cataloging agency: Co-BoUCM
- Transcribing agency: Co-BoUCM
150 ## - HEADING--TOPICAL TERM
- Topical term or geographic name as entry element: Poor
- Geographic subdivision: Ecuador
- Geographic subdivision: Guayaquil
- Form subdivision: Case studies.
670 ## - SOURCE DATA FOUND
- Source citation: Work cat.: (Co-BoUCM)166581: Moser, Caroline O. N. 38823, Ordinary families, extraordinary lives, 2009